Państwa, w których najczęściej dochodzi do ataków rekinów - Statystyki

Ogólne statystyki
  • Ten quiz został rozwiązany 34 razy
  • Średni wynik to 6 z 11
Statystyki odpowiedzi
# Państwo % Poprawnych
1576 Stany Zjednoczone
100%
41 Meksyk
86%
110 Brazylia
79%
682 Australia
76%
56 Nowa Zelandia
69%
258 Republika Południowej Afryki
55%
48 Papua-Nowa Gwinea
38%
23 Fidżi
28%
78 Francja
21%
33 Bahamy
14%
23 Iran
7%
Nie znaleziono quizów pasujących do podanych kryteriów
Rozkład punktacji
Procent ludzi z każdym wynikiem
Percentyl według liczby udzielonych odpowiedzi
Twoja historia wyników
Nie rozwiązałeś tego quizu